00597nam a2200145 a 45000010005000000030005000050050017000100080041000270400020000681000018000882450086001062600038001923000009002305050212002391557CDMR20130715112149.0130130s19741976||||||||||||||||||||||||d aCDMRbcatcCDMR1 aValles, Edmon10aHistòria gràfica de la Catalunya contemporàniab: 1888-1931cEdmon Vallès aBarcelonac1974-1976bEdicions 62 a3 v. aConté: 1.- De l'Exposició Universal a Solidaritat Catalana : 1888/1907 ; 2.- De Solidaritat Catalana a la Mancomunitat : 1908/1916 ; 3.- De l'Assemblea de Parlamentaris al 14 d'abril de 1931 : 1917/1931